| 000 | 00459nam a2200133 a 4500 | ||
|---|---|---|---|
| 008 | 120416s0000 ||||||||||||||||| || u | ||
| 020 | _a1899281002 | ||
| 050 | _aNB 1940 Mat | ||
| 100 | _aMatthews, Sally | ||
| 245 | 1 | 0 | _aWith animals |
| 260 |
_aWashington _bPedalling Arts Ltd _c1994 |
||
| 350 | _a0.00 | ||
| 995 |
_D0.00 _FCBU-MAIN LIBRARY (Kitwe) _H1 _I0.00 _M1 _UAVAILABLE _ZAnnex Low-Usage Collection |
||
| 999 |
_c61817 _d61817 |
||